Online Catalogue and eLibrary

Gender images in public administration : (Record no. 11)

MARC details
000 -LEADER
fixed length control field 00836pam a2200253 a 4500
001 - CONTROL NUMBER
control field 1088717
005 - DATE AND TIME OF LATEST TRANSACTION
control field 20231115004613.0
008 - FIXED-LENGTH DATA ELEMENTS--GENERAL INFORMATION
fixed length control field 920812s1993 cau b 001 0 eng
020 ## - INTERNATIONAL STANDARD BOOK NUMBER
ISBN 0803948026
040 ## - CATALOGING SOURCE (பட்டியலாக்க மூலம்)
Original cataloging agency DLC
Transcribing agency DLC
Modifying agency DLC
082 00 - DDC Classification
Class No. 305.42/0973
DDC Edition Number 20
100 1# - MAIN ENTRY--PERSONAL NAME
Personal name Stivers, Camilla.
245 10 - TITLE STATEMENT
Title Gender images in public administration :
Remainder of title legitimacy and the administrative state /
Statement of responsibility, etc. Camilla Stivers.
260 ## - PUBLICATION, DISTRIBUTION, ETC.
Place of publication, distribution, etc. Newbury Park, Calif. :
Name of publisher, distributor, etc. Sage Publications,
Date of publication, distribution, etc. c1993.
300 ## - PHYSICAL DESCRIPTION
Extent (e.g. Volumes, Pages etc.) ix, 164 p. ;
650 #0 - SUBJECT ADDED ENTRY--TOPICAL TERM
Topical term or geographic name entry element Women in public life
650 #0 - SUBJECT ADDED ENTRY--TOPICAL TERM
Topical term or geographic name entry element Women in the civil service
650 #0 - SUBJECT ADDED ENTRY--TOPICAL TERM
Topical term or geographic name entry element Sex role
650 #0 - SUBJECT ADDED ENTRY--TOPICAL TERM
Topical term or geographic name entry element Public administration
700 ## - ADDED ENTRY--PERSONAL NAME
Personal name Stivers Camila
856 42 - ELECTRONIC LOCATION AND ACCESS
Uniform Resource Identifier <a href="http://www.loc.gov/catdir/enhancements/fy0655/92032145-d.html">http://www.loc.gov/catdir/enhancements/fy0655/92032145-d.html</a>
856 41 - ELECTRONIC LOCATION AND ACCESS
Uniform Resource Identifier <a href="http://www.loc.gov/catdir/enhancements/fy0655/92032145-t.html">http://www.loc.gov/catdir/enhancements/fy0655/92032145-t.html</a>
942 ## - Koha item type (Biblio)
Koha item type Books in Stacks (Lending)
Holdings
Lost status Damaged status Collection code Home library Current library Shelving location Date acquired Full call number Accession Number Item type
    Lending WERC Library WERC Library History & Geography Cupboard 11/15/2023 305.42 GEN 3401 Books in Stacks (Lending)

© WERC Library